Datum a čas kvízu
35
Celkem bodů
Celkový počet nahraných bodů na tomto kvízu bez doplňovacích otázek.
2.
Pořadí na kvízu
Konečné umístění týmu na tomto kvízu.
Zaznamenané odpovědi
| # | Otázka | Odpověď | Body | Výsledky |
|---|---|---|---|---|
| 1. | V půlce září se úspěšně vrátil... | Polaris Dawn | 0 | |
| 2. | Po devíti letech výzkumu ident... | bakteriofág | 1 | |
| 3. | Kromě Nobelovy ceny jsou každo... | B | 1 | |
| 4. | Skutečné Nobelovy ceny se uděl... | Nobelova cena za ekonomii | 1 | |
| 5. | Ještě naposledy k Nobelovým ce... | Peter Higgs | 1 | |
| 6. | První ucelenou evoluční teorii... | Jean-Baptiste Lamarck | 1 | |
| 7. | Nyní se přesuňme k již zmíněné... | O původu druhů | 1 | |
| 8. | Na myšlenky o evoluci plynule... | eugenika | 0 | |
| 9. | Současný britský biolog Richar... | Sobecký (gen) | 1 | |
| 10. | A do třetice Charles Darwin. M... | Ekvádor | 0 |